A Midsummer Night's Dream. (Record no. 2998)
[ view plain ]
| 000 -LEADER | |
|---|---|
| fixed length control field | 00309nam a22001097a 4500 |
| 005 - DATE AND TIME OF LATEST TRANSACTION | |
| control field | 20200925141013.0 |
| 008 - FIXED-LENGTH DATA ELEMENTS--GENERAL INFORMATION | |
| fixed length control field | 200925b ||||| |||| 00| 0 eng d |
| 040 ## - CATALOGING SOURCE | |
| Transcribing agency | CML |
| 245 ## - TITLE STATEMENT | |
| Title | A Midsummer Night's Dream. |
| Statement of responsibility, etc. | Lever, J |
| 260 ## - PUBLICATION, DISTRIBUTION, ETC. | |
| Place of publication, distribution, etc. | London |
| Name of publisher, distributor, etc. | Cox & Wyman Ltd |
| Date of publication, distribution, etc. | 1961 |
| 942 ## - ADDED ENTRY ELEMENTS (KOHA) | |
| Source of classification or shelving scheme | Dewey Decimal Classification |
| Koha item type | Books |
| Classification part | 822 |
| Call number suffix | SHA |
| Withdrawn status | Lost status | Source of classification or shelving scheme | Damaged status | Not for loan | Collection code | Home library | Current library | Shelving location | Date acquired | Total Checkouts | Full call number | Date last seen | Price effective from | Koha item type |
|---|---|---|---|---|---|---|---|---|---|---|---|---|---|---|
| Dewey Decimal Classification | Literature & Rhetoric | Chalimbana Main Library | Chalimbana Main Library | Literature & Rhetoric | 09/25/2020 | 822 SHA | 09/25/2020 | 09/25/2020 | Books |